Documents officiels. (Record no. 89857)

MARC details
000 -LEADER
fixed length control field 00909cam a22002291 4500
001 - CONTROL NUMBER
control field sd 40000171
003 - CONTROL NUMBER IDENTIFIER
control field DLC
005 - DATE AND TIME OF LATEST TRANSACTION
control field 20260227112733.0
008 - FIXED-LENGTH DATA ELEMENTS--GENERAL INFORMATION
fixed length control field 870421s1937 fr c 000 0 fre c
010 ## - LIBRARY OF CONGRESS CONTROL NUMBER
LC control number sd 40000171
035 ## - SYSTEM CONTROL NUMBER
System control number (OCoLC)15562290
040 ## - CATALOGING SOURCE
Original cataloging agency U.S. Dept. of State Library
Transcribing agency DGW
Modifying agency DLC
042 ## - AUTHENTICATION CODE
Authentication code premarc
050 00 - LIBRARY OF CONGRESS CALL NUMBER
Classification number JX1930
Item number .U5 1937
111 2# - MAIN ENTRY--MEETING NAME
Meeting name or jurisdiction name as entry element Universal Peace Congress
Number of part/section/meeting (32d :
Date of meeting or treaty signing 1937 :
Location of meeting Paris)
245 10 - TITLE STATEMENT
Title Documents officiels.
260 ## - PUBLICATION, DISTRIBUTION, ETC.
Place of publication, distribution, etc. Paris,
Name of publisher, distributor, etc. Délégation permanente des sociétés françaises de la paix, Conseil national de la paix; [etc.,etc.
Date of publication, distribution, etc. 1937?]
300 ## - PHYSICAL DESCRIPTION
Extent 308 p
Other physical details fold. plates (ports.)
Dimensions 26 cm.
500 ## - GENERAL NOTE
General note At head of title: XXXIIe Congrés universel de la paix. Paris de la Sorbonne et Maison des artes et métiers, 24-29 août 1937.
500 ## - GENERAL NOTE
General note Text mainly in French; the resolutions are in French, English and German.
650 #0 - SUBJECT ADDED ENTRY--TOPICAL TERM
Topical term or geographic name entry element Peace
Form subdivision Congresses.

No items available.

Powered by Koha